[Event "ISL-chT1 1920"]
[Site "Reykjavik"]
[Date "2019.10.06"]
[Round "5.3"]
[White "Jonsson, Gauti Pall"]
[Black "Thorgeirsson, Sverrir"]
[Result "1/2-1/2"]
[WhiteElo "2024"]
[BlackElo "2304"]
[PlyCount "104"]
[EventDate "2019.10.03"]
[EventType "team-tourn"]
[EventRounds "9"]
[EventCountry "ISL"]
[SourceTitle "CBM 195 Extra"]
[Source "ChessBase"]
[SourceDate "2020.05.31"]
[SourceVersion "1"]
[SourceVersionDate "2020.05.31"]
[SourceQuality "1"]
[WhiteTeam "Taflfelag Reykjavikur II"]
[BlackTeam "Taflfelag Gardjabaejar"]
[WhiteTeamCountry "ISL"]
[BlackTeamCountry "ISL"]

1. c4 c6 2. Nf3 d5 3. e3 Nf6 4. Nc3 e6 5. b3 Nbd7 6. Bb2 Bd6 7. Qc2 0-0 8. Rg1 e5 9. cxd5 cxd5 10. g4 e4 11. g5 Ne8 12. Nd4 Nb6 13. a4 Be6 14. a5 Nd7 15. f4 exf3 16. Nxf3 Ne5 17. Nxe5 Bxe5 18. d4 Bc7 19. Bd3 g6 20. a6 bxa6 21. Ba3 Bd6 22. Bxd6 Nxd6 23. Rxa6 Nf5 24. Qf2 Qc7 25. Kd2 Qb7 26. Rb1 Rac8 27. b4 Qe7 28. Na4 Qxg5 29. Rg1 Qh6 30. Bxf5 Bxf5 31. Nc5 Rc7 32. h4 Re8 33. Rf6 Kh8 34. Rg5 Qf8 35. h5 Qe7 36. Rgxf5 gxf5 37. Rxf5 Qd6 38. Rf6 Re6 39. Rxf7 Rxf7 40. Qxf7 Rf6 41. Qxa7 Qh2+ 42. Kd3 Qxh5 43. Qb8+ Kg7 44. Qc7+ Qf7 45. Qe5 Qg6+ 46. Kc3 Qf5 47. Qe7+ Rf7 48. Ne6+ Kh6 49. Qh4+ Qh5 50. Qg3 Qf5 51. Qh4+ Qh5 52. Qg3 Qf5 1/2-1/2

[Event "ISL-chT1 1920"]
[Site "Reykjavik"]
[Date "2019.10.05"]
[Round "3.2"]
[White "Sigurpalsson, Runar"]
[Black "Thorgeirsson, Sverrir"]
[Result "1/2-1/2"]
[WhiteElo "2273"]
[BlackElo "2304"]
[PlyCount "26"]
[EventDate "2019.10.03"]
[EventType "team-tourn"]
[EventRounds "9"]
[EventCountry "ISL"]
[SourceTitle "CBM 195 Extra"]
[Source "ChessBase"]
[SourceDate "2020.05.31"]
[SourceVersion "1"]
[SourceVersionDate "2020.05.31"]
[SourceQuality "1"]
[WhiteTeam "Skakfelag Akureyrar"]
[BlackTeam "Taflfelag Gardjabaejar"]
[WhiteTeamCountry "ISL"]
[BlackTeamCountry "ISL"]

1. c4 c6 2. b3 d5 3. e3 Bf5 4. Bb2 e6 5. Nf3 Nf6 6. Be2 Nbd7 7. 0-0 h6 8. d3 Be7 9. Nbd2 0-0 10. Ne5 Nxe5 11. Bxe5 Nd7 12. Bb2 Nc5 13. d4 Ne4 1/2-1/2

[Event "ISL-chT1 1920"]
[Site "Reykjavik"]
[Date "2019.10.04"]
[Round "2.5"]
[White "Thorgeirsson, Sverrir"]
[Black "Sigfusson, Sigurdur Dadi"]
[Result "1/2-1/2"]
[WhiteElo "2304"]
[BlackElo "2234"]
[PlyCount "23"]
[EventDate "2019.10.03"]
[EventType "team-tourn"]
[EventRounds "9"]
[EventCountry "ISL"]
[SourceTitle "CBM 195 Extra"]
[Source "ChessBase"]
[SourceDate "2020.05.31"]
[SourceVersion "1"]
[SourceVersionDate "2020.05.31"]
[SourceQuality "1"]
[WhiteTeam "Taflfelag Gardjabaejar"]
[BlackTeam "Skakfelagidj Huginn"]
[WhiteTeamCountry "ISL"]
[BlackTeamCountry "ISL"]

1. d4 Nf6 2. Nf3 g6 3. Bf4 Bg7 4. e3 0-0 5. h3 d6 6. Be2 c5 7. c3 b6 8. 0-0 Bb7 9. Re1 Nbd7 10. a4 h6 11. Na3 a6 12. Bh2 1/2-1/2

[Event "ISL-chT1 1920"]
[Site "Reykjavik"]
[Date "2019.10.03"]
[Round "1.1"]
[White "Thorgeirsson, Sverrir"]
[Black "Johannesson, Oliver Aron"]
[Result "1-0"]
[WhiteElo "2304"]
[BlackElo "2269"]
[PlyCount "85"]
[EventDate "2019.10.03"]
[EventType "team-tourn"]
[EventRounds "9"]
[EventCountry "ISL"]
[SourceTitle "CBM 195 Extra"]
[Source "ChessBase"]
[SourceDate "2020.05.31"]
[SourceVersion "1"]
[SourceVersionDate "2020.05.31"]
[SourceQuality "1"]
[WhiteTeam "Taflfelag Gardjabaejar"]
[BlackTeam "Skakdeild Fjolnis"]
[WhiteTeamCountry "ISL"]
[BlackTeamCountry "ISL"]

1. d4 d5 2. c4 c6 3. Nf3 Nf6 4. e3 Bf5 5. Nc3 e6 6. Nh4 Bg6 7. Be2 Nbd7 8. 0-0 Bd6 9. g3 Ne4 10. Nxe4 Bxe4 11. f3 Bg6 12. cxd5 exd5 13. e4 Qb6 14. Nxg6 hxg6 15. Kg2 0-0-0 16. e5 Be7 17. f4 f5 18. Rb1 Nf8 19. Be3 Ne6 20. b4 Kb8 21. Qd2 Rc8 22. Rfc1 a6 23. a4 Rhd8 24. h4 Rh8 25. Qa2 Rhd8 26. Bd3 Rf8 27. Rd1 Rh8 28. Rh1 Rhf8 29. Qd2 Rcd8 30. h5 gxh5 31. Rxh5 g6 32. Rh7 Rde8 33. g4 g5 34. Bxf5 gxf4 35. Bxf4 Nxf4+ 36. Qxf4 Bxb4 37. a5 Qxa5 38. Qd2 c5 39. dxc5 Rxf5 40. Rxb4 Qa3 41. Rbxb7+ Ka8 42. gxf5 Rg8+ 43. Rbg7 1-0

[Event "ISL-chT1 1819"]
[Site "Reykjavik"]
[Date "2018.11.09"]
[Round "2.3"]
[White "Thorgeirsson, Sverrir"]
[Black "Bergthorsson, Jon Thor"]
[Result "0-1"]
[WhiteElo "2311"]
[BlackElo "2145"]
[PlyCount "101"]
[EventDate "2018.11.08"]
[EventType "team-tourn"]
[EventRounds "9"]
[EventCountry "ISL"]
[SourceTitle "CBM 187 Extra"]
[Source "ChessBase"]
[SourceDate "2018.11.04"]
[SourceVersion "1"]
[SourceVersionDate "2018.11.04"]
[SourceQuality "1"]
[WhiteTeam "Taflfelag Gardjabaejar"]
[BlackTeam "Skakdeild KR"]
[WhiteTeamCountry "ISL"]
[BlackTeamCountry "ISL"]

1. d4 d5 2. c4 e6 3. cxd5 exd5 4. Nc3 Nf6 5. Bg5 Be7 6. e3 0-0 7. Bd3 Re8 8. Nf3 Nbd7 9. Qc2 h6 10. Bf4 c6 11. 0-0 Bf8 12. h3 b6 13. a3 Bb7 14. b4 a5 15. b5 c5 16. Rfd1 Qe7 17. Bf1 Rac8 18. Qb2 Qe6 19. Rac1 c4 20. Nd2 Nh5 21. Bh2 f5 22. Be2 Nhf6 23. Nf3 Bd6 24. Bxd6 Qxd6 25. Nh4 Qe6 26. Ng6 Ne4 27. Nxe4 Qxg6 28. Ng3 Rf8 29. Qc2 Qf6 30. Bf3 Rce8 31. Ne2 g5 32. g3 Qd6 33. a4 Nf6 34. g4 Ne4 35. gxf5 Bc8 36. Bxe4 Rxe4 37. Ng3 Bxf5 38. Nxf5 Rxf5 39. Qe2 Qe6 40. Kg2 Ref4 41. Rf1 Rf3 42. Qxf3 Rxf3 43. Kxf3 Qxh3+ 44. Ke2 Qf5 45. Rc3 h5 46. f3 Kg7 47. e4 dxe4 48. Rxc4 h4 49. Rc7+ Kh6 50. Rc6+ Kh5 51. Rxb6 0-1

[Event "ISL-chT 1718"]
[Site "Reykjavik"]
[Date "2018.03.01"]
[Round "6.4"]
[White "Thorgeirsson, Sverrir"]
[Black "Hreinsson, Hlidar Thor"]
[Result "1/2-1/2"]
[WhiteElo "2292"]
[BlackElo "2234"]
[PlyCount "66"]
[EventDate "2017.10.19"]
[EventType "team-tourn"]
[EventRounds "9"]
[EventCountry "ISL"]
[SourceTitle "EXT 2019"]
[Source "ChessBase"]
[SourceDate "2018.10.10"]
[SourceVersion "1"]
[SourceVersionDate "2018.10.10"]
[SourceQuality "1"]
[WhiteTeam "Gardabaer"]
[BlackTeam "Bolungarvik"]
[WhiteTeamCountry "ISL"]
[BlackTeamCountry "ISL"]

1. d4 d5 2. Nf3 Nf6 3. c4 e6 4. Nc3 Be7 5. cxd5 exd5 6. Qc2 0-0 7. Bf4 c6 8. e3 Re8 9. Bd3 Nbd7 10. 0-0 Nf8 11. h3 h6 12. a3 Ne6 13. Bg3 Ng5 14. Nxg5 hxg5 15. b4 Bd6 16. Ne2 g4 17. Bxd6 Qxd6 18. h4 Ne4 19. g3 Bf5 20. Nc3 Qf6 21. Nxe4 Bxe4 22. Bxe4 Rxe4 23. Qd1 g6 24. Kg2 Kg7 25. Rh1 Qf5 26. Rb1 Rc8 27. Rc1 Re6 28. Kg1 Rce8 29. Rh2 Rh8 30. Qe2 Qe4 31. Qc2 Qf3 32. Qd1 Qf5 33. Qc2 Qf3 1/2-1/2

[Event "ISL-chT 1617"]
[Site "Reykjavik"]
[Date "2016.10.02"]
[Round "5.5"]
[White "Thorgeirsson, Sverrir"]
[Black "Kjartansson, Gudmundur"]
[Result "0-1"]
[WhiteElo "2278"]
[BlackElo "2442"]
[PlyCount "62"]
[EventDate "2016.09.29"]
[EventType "team-tourn"]
[EventRounds "9"]
[EventCountry "ISL"]
[SourceTitle "EXT 2018"]
[Source "ChessBase"]
[SourceDate "2017.10.13"]
[SourceVersion "1"]
[SourceVersionDate "2017.10.13"]
[SourceQuality "1"]
[WhiteTeam "Reykjanesbaejar"]
[BlackTeam "Reykjavik"]
[WhiteTeamCountry "ISL"]
[BlackTeamCountry "ISL"]

1. d4 d5 2. c4 c6 3. Nf3 Nf6 4. e3 Bf5 5. Nc3 e6 6. Nh4 Bg6 7. Be2 Nbd7 8. 0-0 Bd6 9. g3 a6 10. c5 Be7 11. Nxg6 hxg6 12. Qc2 e5 13. Bd2 e4 14. b4 Nf8 15. f3 exf3 16. Bxf3 Ne6 17. Bg2 Ng4 18. h3 Nf6 19. Ne2 Ng5 20. Nf4 Nge4 21. g4 Qc7 22. Rf3 Bd8 23. Rb1 Qe7 24. a4 Bc7 25. Qd3 Kf8 26. Re1 Kg8 27. a5 Re8 28. Kf1 Ng5 29. Rg3 Nfe4 30. Bxe4 Qxe4 31. Qb3 Nf3 0-1

[Event "Kiel op-A 29th"]
[Site "Kiel"]
[Date "2016.08.03"]
[Round "7"]
[White "Boehm, Thomas1"]
[Black "Thorgeirsson, Sverrir"]
[Result "1/2-1/2"]
[WhiteElo "2148"]
[BlackElo "2282"]
[PlyCount "79"]
[EventDate "2016.07.30"]
[EventType "swiss"]
[EventRounds "9"]
[EventCountry "GER"]
[SourceTitle "CBM 173 Extra"]
[Source "ChessBase"]
[SourceDate "2016.08.29"]
[SourceVersion "1"]
[SourceVersionDate "2016.08.29"]
[SourceQuality "1"]

1. e4 e6 2. d4 d5 3. Nc3 Nf6 4. Bg5 dxe4 5. Nxe4 Nbd7 6. Nf3 Be7 7. Nxf6+ Bxf6 8. h4 0-0 9. Qd2 c5 10. 0-0-0 Qb6 11. Bd3 Bxd4 12. Nxd4 cxd4 13. h5 e5 14. Qe2 Qc5 15. f4 Re8 16. Rdf1 Nf8 17. Qf3 e4 18. Bxe4 Rxe4 19. Qxe4 Bf5 20. Qe2 Rc8 21. Kb1 Bxc2+ 22. Ka1 Qa5 23. Qe1 Qa6 24. h6 Ne6 25. Rf3 d3 26. Re3 Bb3 27. a3 Qd6 28. Qd2 Bc2 29. Rhe1 Qd7 30. Re5 Nd4 31. Qc3 Rf8 32. hxg7 Ra8 33. Bf6 d2 34. Qxd4 dxe1Q+ 35. Rxe1 Qb5 36. Qe5 Qa4 37. Qe7 Qb5 38. Qe5 Qd7 39. Qc3 Rc8 40. Qe3 1/2-1/2

[Event "Kiel op-A 29th"]
[Site "Kiel"]
[Date "2016.07.31"]
[Round "3"]
[White "Thorgeirsson, Sverrir"]
[Black "Baramidze, David"]
[Result "0-1"]
[WhiteElo "2282"]
[BlackElo "2594"]
[PlyCount "80"]
[EventDate "2016.07.30"]
[EventType "swiss"]
[EventRounds "9"]
[EventCountry "GER"]
[SourceTitle "CBM 173 Extra"]
[Source "ChessBase"]
[SourceDate "2016.08.29"]
[SourceVersion "1"]
[SourceVersionDate "2016.08.29"]
[SourceQuality "1"]

1. e4 e5 2. Nf3 Nc6 3. Bc4 Bc5 4. 0-0 d6 5. d3 Nf6 6. Be3 0-0 7. h3 Bxe3 8. fxe3 Ne7 9. Nc3 Ng6 10. Qe1 c6 11. Bb3 a5 12. Nh4 Nxh4 13. Qxh4 b5 14. a4 b4 15. Ne2 Be6 16. Bxe6 fxe6 17. d4 Qb6 18. Kh1 h6 19. Rad1 Kh7 20. dxe5 dxe5 21. Rf3 Qa6 22. Rd2 c5 23. Nc1 Qb7 24. Rd6 Nxe4 25. Rxe6 Ng5 26. Rxf8 Rxf8 27. Rxe5 Qc7 28. Nd3 c4 29. Qd4 Rf1+ 30. Kh2 cxd3 31. Qxd3+ Kg8 32. Qxf1 Qxe5+ 33. g3 Qxe3 34. h4 Qd2+ 35. Kg1 Qe3+ 36. Kh2 Ne4 37. Qc4+ Kh7 38. Qc7 Qf2+ 39. Kh3 Qf1+ 40. Kh2 Qe2+ 0-1

[Event "Kiel op-A 29th"]
[Site "Kiel"]
[Date "2016.07.30"]
[Round "2"]
[White "Thorgeirsson, Sverrir"]
[Black "Saglam, Buelent"]
[Result "1-0"]
[WhiteElo "2282"]
[BlackElo "2100"]
[PlyCount "71"]
[EventDate "2016.07.30"]
[EventType "swiss"]
[EventRounds "9"]
[EventCountry "GER"]
[SourceTitle "CBM 173 Extra"]
[Source "ChessBase"]
[SourceDate "2016.08.29"]
[SourceVersion "1"]
[SourceVersionDate "2016.08.29"]
[SourceQuality "1"]

1. Nf3 Nf6 2. c4 g6 3. Nc3 Bg7 4. e4 d6 5. d4 0-0 6. Be2 e5 7. Be3 Nc6 8. d5 Ne7 9. Nd2 Nd7 10. 0-0 f5 11. f3 f4 12. Bf2 g5 13. b4 Rf6 14. c5 Rh6 15. Re1 Nf6 16. Nc4 Qe8 17. h3 Nh5 18. Bd3 Bf8 19. a4 Ng3 20. cxd6 Bxh3 21. Bxg3 fxg3 22. gxh3 Rxh3 23. f4 Ng6 24. fxe5 Nxe5 25. Nxe5 Qxe5 26. Qf3 Bxd6 27. Ne2 Bxb4 28. Rec1 Rf8 29. Qg4 Rh4 30. Qe6+ Qxe6 31. dxe6 Bd2 32. Rf1 Rd8 33. Bc4 Re8 34. e7+ Kg7 35. Nxg3 Rg4 36. Rf3 1-0

[Event "ISL-chT2 1516"]
[Site "Reykjavik"]
[Date "2016.03.04"]
[Round "5.1"]
[White "Jonsson, Bjorn1"]
[Black "Thorgeirsson, Sverrir"]
[Result "0-1"]
[WhiteElo "1998"]
[BlackElo "2255"]
[PlyCount "106"]
[EventDate "2015.09.25"]
[EventType "team-tourn"]
[EventRounds "7"]
[EventCountry "ISL"]
[SourceTitle "EXT 2017"]
[Source "ChessBase"]
[SourceDate "2016.10.25"]
[SourceVersion "1"]
[SourceVersionDate "2016.10.25"]
[SourceQuality "1"]
[WhiteTeam "Gardabaer"]
[BlackTeam "Haukar"]
[WhiteTeamCountry "ISL"]
[BlackTeamCountry "ISL"]

1. d4 Nf6 2. c4 e6 3. Nc3 d5 4. cxd5 exd5 5. Bg5 Be7 6. e3 c6 7. Bd3 Nbd7 8. Qc2 0-0 9. Nge2 Re8 10. 0-0 Nf8 11. f3 b6 12. Rad1 Bb7 13. Bh4 Ng6 14. Bf2 Bf8 15. Rfe1 Qe7 16. Ng3 Rad8 17. e4 dxe4 18. Ngxe4 Nxe4 19. Nxe4 Qd7 20. Bc4 Bb4 21. Rf1 Rf8 22. a3 Be7 23. Rfe1 Nf4 24. Nc3 Bf6 25. Ne4 Be7 26. Nc3 g6 27. Be3 Nd5 28. Bh6 Rfe8 29. Qb3 Bh4 30. Rxe8+ Qxe8 31. Nxd5 cxd5 32. Bb5 Bc6 33. Bf1 Ba4 34. Qd3 Bxd1 35. Qxd1 Bf6 36. Qd2 Qc6 37. Be3 Rc8 38. Bd3 Qa4 39. Bb1 Qc4 40. Bd3 Qb3 41. g3 a5 42. f4 b5 43. f5 b4 44. fxg6 hxg6 45. axb4 Qxb4 46. Qf2 Bg7 47. h4 Re8 48. Kg2 Rb8 49. h5 Qxb2 50. Bd2 Qxd4 51. Qe2 gxh5 52. Bf4 Rb2 53. Bd2 Qe5 0-1

[Event "SWE-chT 1516 Superettan"]
[Site "Sweden"]
[Date "2016.02.27"]
[Round "6"]
[White "Thorgeirsson, Sverrir"]
[Black "Laveryd, Peter"]
[Result "1/2-1/2"]
[WhiteElo "2255"]
[BlackElo "2391"]
[PlyCount "36"]
[EventDate "2015.11.06"]
[EventType "team-tourn"]
[EventRounds "9"]
[EventCountry "SWE"]
[SourceTitle "EXT 2018"]
[Source "ChessBase"]
[SourceDate "2017.10.13"]
[SourceVersion "1"]
[SourceVersionDate "2017.10.13"]
[SourceQuality "1"]
[WhiteTeam "Upsala"]
[BlackTeam "Norrkoping Schack 08"]
[WhiteTeamCountry "SWE"]
[BlackTeamCountry "SWE"]

1. Nf3 Nc6 2. Nc3 Nf6 3. d4 d5 4. Bf4 Nh5 5. Bg3 Nxg3 6. hxg3 Bg4 7. e3 e6 8. Qd2 Be7 9. Bb5 Bxf3 10. gxf3 a6 11. Bxc6+ bxc6 12. Na4 Qb8 13. a3 Qb5 14. b3 Rb8 15. Nc3 Qb7 16. Na4 Qb5 17. Nc3 Qb7 18. Na4 Qb5 1/2-1/2

[Event "SWE-chT 1516 Superettan"]
[Site "Sweden"]
[Date "2016.01.30"]
[Round "5"]
[White "Thorgeirsson, Sverrir"]
[Black "Backman, Andreas"]
[Result "0-1"]
[WhiteElo "2255"]
[BlackElo "2162"]
[PlyCount "66"]
[EventDate "2015.11.06"]
[EventType "team-tourn"]
[EventRounds "9"]
[EventCountry "SWE"]
[SourceTitle "EXT 2018"]
[Source "ChessBase"]
[SourceDate "2017.10.13"]
[SourceVersion "1"]
[SourceVersionDate "2017.10.13"]
[SourceQuality "1"]
[WhiteTeam "Upsala"]
[BlackTeam "Vasteras II"]
[WhiteTeamCountry "SWE"]
[BlackTeamCountry "SWE"]

1. d4 Nf6 2. Nf3 c5 3. e3 e6 4. Bd3 b6 5. b3 Bb7 6. 0-0 Be7 7. Bb2 cxd4 8. Nxd4 0-0 9. c4 d5 10. cxd5 Qxd5 11. f3 Nbd7 12. Nc3 Qg5 13. Qe2 Nc5 14. Bc4 a6 15. b4 Ncd7 16. a3 Qh5 17. Rfd1 Ne5 18. Bb3 Rad8 19. Rac1 Bd6 20. h3 Ng6 21. Na4 Bb8 22. Nxb6 Ba7 23. Na4 e5 24. Nc6 Nf4 25. Qf2 Rxd1+ 26. Bxd1 Bxc6 27. Rxc6 Ne4 28. Qe1 Qg5 29. g4 Bxe3+ 30. Kh1 Nd3 31. h4 Qf4 32. Rc4 Nxe1 33. Rxe4 Qg3 0-1

[Event "SWE-chT 1516 Superettan"]
[Site "Sweden"]
[Date "2015.11.08"]
[Round "3"]
[White "Thorgeirsson, Sverrir"]
[Black "Tukhaev, Adam"]
[Result "0-1"]
[WhiteElo "2255"]
[BlackElo "2569"]
[PlyCount "48"]
[EventDate "2015.11.06"]
[EventType "team-tourn"]
[EventRounds "9"]
[EventCountry "SWE"]
[SourceTitle "EXT 2018"]
[Source "ChessBase"]
[SourceDate "2017.10.13"]
[SourceVersion "1"]
[SourceVersionDate "2017.10.13"]
[SourceQuality "1"]
[WhiteTeam "Upsala"]
[BlackTeam "Orgryte"]
[WhiteTeamCountry "SWE"]
[BlackTeamCountry "SWE"]

1. d4 d5 2. c4 c6 3. cxd5 cxd5 4. Nf3 e6 5. Nc3 Bd7 6. e3 Bc6 7. Bd3 Nd7 8. 0-0 Ngf6 9. Nd2 Be7 10. f4 0-0 11. Rf3 Rc8 12. Rh3 g6 13. g4 Ne8 14. b3 Qa5 15. Bb2 Nd6 16. a3 Qd8 17. Qf3 Nf6 18. Qg3 Nfe4 19. Ncxe4 dxe4 20. Bb1 Bd5 21. g5 Qa5 22. Qg2 Rc7 23. Nxe4 Qe1+ 24. Qf1 Qxf1+ 0-1

[Event "SWE-chT 1516 Superettan"]
[Site "Sweden"]
[Date "2015.11.06"]
[Round "1"]
[White "Thorgeirsson, Sverrir"]
[Black "Nikolic, Vladan"]
[Result "1-0"]
[WhiteElo "2255"]
[BlackElo "2050"]
[PlyCount "103"]
[EventDate "2015.11.06"]
[EventType "team-tourn"]
[EventRounds "9"]
[EventCountry "SWE"]
[SourceTitle "EXT 2018"]
[Source "ChessBase"]
[SourceDate "2017.10.13"]
[SourceVersion "1"]
[SourceVersionDate "2017.10.13"]
[SourceQuality "1"]
[WhiteTeam "Upsala"]
[BlackTeam "Stockholm Rockaden II"]
[WhiteTeamCountry "SWE"]
[BlackTeamCountry "SWE"]

1. d4 Nf6 2. Nf3 g6 3. Bg5 Ne4 4. Bf4 Bg7 5. Nbd2 d5 6. e3 Bg4 7. Be2 Nxd2 8. Qxd2 Nd7 9. h3 Bxf3 10. Bxf3 c6 11. 0-0 0-0 12. Rac1 e5 13. Bg3 h5 14. c3 Re8 15. Rfd1 Qa5 16. b3 Qd8 17. Qc2 Qe7 18. Qb1 Rad8 19. c4 exd4 20. exd4 dxc4 21. bxc4 Nb6 22. d5 cxd5 23. cxd5 Be5 24. Re1 Qd6 25. Qb5 Re7 26. Qc5 Bxg3 27. Rxe7 Qxc5 28. Rxc5 Bd6 29. Rec7 Bxc7 30. Rxc7 Rd7 31. d6 Rxd6 32. Rxb7 Rd7 33. Kf1 Rxb7 34. Bxb7 h4 35. Ke2 Kf8 36. Kf3 g5 37. Kg4 f6 38. f4 gxf4 39. Kxh4 Na4 40. Kg4 Nc3 41. a3 a5 42. Kxf4 a4 43. Be4 Kg7 44. Ke3 Kh6 45. Kd4 Ne2+ 46. Kc4 Kg5 47. Bc6 Nf4 48. Kb4 Kh4 49. Kxa4 Kg3 50. Kb3 Nxg2 51. Bxg2 Kxg2 52. a4 1-0

[Event "SWE-chT 1415 Superettan"]
[Site "Sweden"]
[Date "2015.01.17"]
[Round "4"]
[White "Thorgeirsson, Sverrir"]
[Black "Gruvaeus, Curt"]
[Result "1-0"]
[WhiteElo "2237"]
[BlackElo "2300"]
[PlyCount "65"]
[EventDate "2014.11.21"]
[EventType "team-tourn"]
[EventRounds "9"]
[EventCountry "SWE"]
[SourceTitle "EXT 2018"]
[Source "ChessBase"]
[SourceDate "2017.10.13"]
[SourceVersion "1"]
[SourceVersionDate "2017.10.13"]
[SourceQuality "1"]
[WhiteTeam "Upsala"]
[BlackTeam "Orebro"]
[WhiteTeamCountry "SWE"]
[BlackTeamCountry "SWE"]

1. e4 g6 2. d4 Bg7 3. Nc3 d6 4. Be3 a6 5. f4 b5 6. Nf3 Bb7 7. Bd3 Nf6 8. e5 Nd5 9. Nxd5 Bxd5 10. 0-0 Nd7 11. Qe2 0-0 12. a4 c6 13. b3 Rb8 14. Ng5 h6 15. Ne4 f5 16. exf6 Nxf6 17. Nxf6+ Rxf6 18. axb5 axb5 19. Ra7 Qb6 20. Rfa1 Re6 21. c3 b4 22. f5 gxf5 23. Bxf5 Rf6 24. Qg4 h5 25. Qxh5 bxc3 26. Rxe7 Bf7 27. Rxf7 Rxf7 28. Be6 Rbf8 29. Rf1 Qa7 30. Qg6 c2 31. Kh1 Qe7 32. h3 Qa7 33. Bh6 1-0

[Event "SWE-chT 1415 Superettan"]
[Site "Sweden"]
[Date "2014.11.21"]
[Round "1"]
[White "Thorgeirsson, Sverrir"]
[Black "Larsson, Victor"]
[Result "1-0"]
[WhiteElo "2237"]
[BlackElo "2143"]
[PlyCount "61"]
[EventDate "2014.11.21"]
[EventType "team-tourn"]
[EventRounds "9"]
[EventCountry "SWE"]
[SourceTitle "EXT 2018"]
[Source "ChessBase"]
[SourceDate "2017.10.13"]
[SourceVersion "1"]
[SourceVersionDate "2017.10.13"]
[SourceQuality "1"]
[WhiteTeam "Upsala"]
[BlackTeam "Burgsvik Alva"]
[WhiteTeamCountry "SWE"]
[BlackTeamCountry "SWE"]

1. d4 d5 2. c4 e6 3. Nc3 Be7 4. cxd5 exd5 5. Qc2 c6 6. Nf3 g6 7. Bf4 Bf5 8. Qd2 Nd7 9. e3 Ngf6 10. Be2 Ne4 11. Nxe4 dxe4 12. Ne5 Nxe5 13. Bxe5 f6 14. Bg3 a5 15. 0-0 Be6 16. Qc2 Bd5 17. Bc4 0-0 18. Rfc1 Kg7 19. Qb3 Bxc4 20. Rxc4 Qd7 21. Rac1 Rf7 22. d5 a4 23. Rxa4 Rxa4 24. dxc6 Qd2 25. Rd1 Rb4 26. Rxd2 Rxb3 27. c7 Rd3 28. Rxd3 exd3 29. c8Q Bb4 30. Kf1 b5 31. Qc6 1-0

[Event "SWE-chT2 1213"]
[Site "Sweden"]
[Date "2013.01.13"]
[Round "5"]
[White "Thorgeirsson, Sverrir"]
[Black "Blomstrom, Lars"]
[Result "1-0"]
[WhiteElo "2185"]
[BlackElo "2142"]
[PlyCount "73"]
[EventDate "2012.10.20"]
[EventType "team-tourn"]
[EventRounds "9"]
[EventCountry "SWE"]
[SourceTitle "EXT 2015"]
[Source "ChessBase"]
[SourceDate "2014.11.20"]
[SourceVersion "1"]
[SourceVersionDate "2014.11.20"]
[SourceQuality "1"]
[WhiteTeam "Upsala"]
[BlackTeam "Orebro"]
[WhiteTeamCountry "SWE"]
[BlackTeamCountry "SWE"]

1. d4 Nf6 2. c4 g6 3. Nc3 Bg7 4. e4 d6 5. Nf3 0-0 6. Be2 e5 7. Be3 Nbd7 8. 0-0 c6 9. Nd2 Qe7 10. d5 c5 11. a3 Ne8 12. b4 f5 13. f3 f4 14. Bf2 g5 15. Nb3 b6 16. bxc5 Nxc5 17. a4 Nf6 18. a5 Rb8 19. axb6 axb6 20. Qc2 Nxb3 21. Qxb3 g4 22. c5 g3 23. hxg3 fxg3 24. Bxg3 Nh5 25. Bh2 Nf4 26. cxd6 Qg5 27. Bxf4 exf4 28. Rfd1 Be5 29. Rac1 Rf6 30. Nb5 Rg6 31. Bf1 Bd7 32. Rd2 Kh8 33. Nd4 Bxd6 34. Nc6 Rbg8 35. Qxb6 Be5 36. Nxe5 Rxb6 37. Nf7+ 1-0

[Event "SWE-chT2 1213"]
[Site "Sweden"]
[Date "2012.10.21"]
[Round "2"]
[White "Thorgeirsson, Sverrir"]
[Black "Jakenberg, Jussi"]
[Result "1-0"]
[WhiteElo "2187"]
[BlackElo "2135"]
[PlyCount "89"]
[EventDate "2012.10.20"]
[EventType "team-tourn"]
[EventRounds "9"]
[EventCountry "SWE"]
[SourceTitle "EXT 2015"]
[Source "ChessBase"]
[SourceDate "2014.11.20"]
[SourceVersion "1"]
[SourceVersionDate "2014.11.20"]
[SourceQuality "1"]
[WhiteTeam "Upsala"]
[BlackTeam "Sollentuna"]
[WhiteTeamCountry "SWE"]
[BlackTeamCountry "SWE"]

1. d4 d6 2. e4 Nf6 3. Nc3 e5 4. Nf3 Nbd7 5. Bc4 Be7 6. a4 0-0 7. 0-0 c6 8. a5 Nxe4 9. Nxe4 d5 10. Bb3 dxe4 11. Nxe5 Nxe5 12. dxe5 Qxd1 13. Rxd1 Bg4 14. Re1 Rfd8 15. c3 Bf5 16. Bf4 g5 17. Be3 Kg7 18. Ra4 f6 19. exf6+ Bxf6 20. Bc2 Rd5 21. Bxe4 Bxe4 22. Rxe4 Rxa5 23. Bd4 Rf8 24. h4 gxh4 25. Rg4+ Kf7 26. Rf4 Kg6 27. Re6 Rf5 28. Rxh4 h5 29. Bxa7 Kf7 30. Rhe4 Ra8 31. Bd4 Bxd4 32. Re7+ Kf6 33. R4e6+ Kg5 34. cxd4 Ra1+ 35. Kh2 Rxf2 36. Rxb7 Rd2 37. Rxc6 Rxd4 38. Rb5+ Kf4 39. Rxh5 Rd2 40. Rc4+ Ke3 41. Re5+ Kd3 42. Rd5+ Ke3 43. Rxd2 Kxd2 44. g4 Kd3 45. Rb4 1-0

[Event "Reykjavik op"]
[Site "Reykjavik"]
[Date "2011.03.16"]
[Round "9"]
[White "Thorgeirsson, Sverrir"]
[Black "Lee, Kai Jie Edward"]
[Result "1-0"]
[WhiteElo "2233"]
[BlackElo "1913"]
[PlyCount "117"]
[EventDate "2011.03.09"]
[EventType "swiss"]
[EventRounds "9"]
[EventCountry "ISL"]
[SourceTitle "CBM 141 Extra"]
[Source "ChessBase"]
[SourceDate "2011.05.03"]
[SourceVersion "1"]
[SourceVersionDate "2011.05.03"]
[SourceQuality "1"]

1. d4 d5 2. c4 e6 3. Nc3 c6 4. e4 dxe4 5. Nxe4 Nf6 6. Nxf6+ Qxf6 7. Nf3 Bb4+ 8. Bd2 Bxd2+ 9. Qxd2 0-0 10. Be2 Rd8 11. Qb4 Na6 12. Qa3 Nc7 13. Rd1 a5 14. Ne5 Re8 15. Bh5 g6 16. Bf3 Ra6 17. Qe3 Qe7 18. h4 f6 19. Nd3 e5 20. dxe5 fxe5 21. Nc5 e4 22. Be2 Ra8 23. h5 g5 24. h6 Bf5 25. Rh5 Rad8 26. Qxg5+ Bg6 27. Rxd8 Qxd8 28. Qxd8 Rxd8 29. Re5 b6 30. Nxe4 Kf7 31. Ng5+ Kf6 32. f4 Rd6 33. c5 bxc5 34. Rxc5 Nd5 35. g3 a4 36. Kf2 Ne7 37. Nf3 Bb1 38. a3 Be4 39. Ke1 Kg6 40. Ne5+ Kf6 41. Rc4 Bd5 42. Rxa4 c5 43. g4 Bb3 44. g5+ Ke6 45. Bg4+ Kd5 46. Ra7 Ng6 47. Nxg6 Rxg6 48. Bf5 Rg8 49. Bxh7 Re8+ 50. Kf2 Bc4 51. Rd7+ Kc6 52. Rd2 Rf8 53. Be4+ Kb5 54. f5 Re8 55. Kf3 Ka4 56. h7 Rb8 57. Kf4 Bb5 58. g6 Ka5 59. g7 1-0